[Event "Sanxenxo Carlos op 11th"]
[Site "Sanxenxo"]
[Date "2019.06.22"]
[Round "1"]
[White "Blanco Dans, Manuel"]
[Black "Ortin Blanco, Inigo"]
[Result "0-1"]
[WhiteElo "1789"]
[BlackElo "2285"]
[PlyCount "62"]
[EventDate "2019.06.22"]
[EventType "swiss"]
[EventRounds "9"]
[EventCountry "ESP"]
[SourceTitle "CBM 191 Extra"]
[Source "ChessBase"]
[SourceDate "2019.09.30"]
[SourceVersion "1"]
[SourceVersionDate "2019.09.30"]
[SourceQuality "1"]

1. e4 c5 2. Nf3 Nc6 3. d4 cxd4 4. Nxd4 Nf6 5. Nc3 d6 6. Bg5 e6 7. Qd2 Be7 8. f4 h6 9. Bxf6 Bxf6 10. Ndb5 0-0 11. 0-0-0 Qa5 12. g4 Rd8 13. h4 a6 14. Nxd6 e5 15. Qe2 Nd4 16. Rxd4 exd4 17. Nc4 Qc7 18. Nd5 Rxd5 19. exd5 Qxf4+ 20. Kb1 Bxg4 21. Qe1 b5 22. Nd2 Qe3 23. Bd3 Qxe1+ 24. Rxe1 Rd8 25. Nb3 Bxh4 26. Re4 f5 27. Rxd4 Bf6 28. Rf4 Rxd5 29. Nc1 g5 30. Rf1 Kg7 31. c4 Rxd3 0-1

[Event "Pontevedra op-B 6th"]
[Site "Pontevedra"]
[Date "2018.08.13"]
[Round "8"]
[White "Blanco Dans, Manuel"]
[Black "Calonge Fabregat, Marc"]
[Result "0-1"]
[WhiteElo "1777"]
[BlackElo "1976"]
[PlyCount "184"]
[EventDate "2018.08.08"]
[EventType "swiss"]
[EventRounds "9"]
[EventCountry "ESP"]
[SourceTitle "CBM 186 Extra"]
[Source "ChessBase"]
[SourceDate "2018.08.24"]
[SourceVersion "1"]
[SourceVersionDate "2018.08.24"]
[SourceQuality "1"]

1. e4 c5 2. d4 cxd4 3. Bc4 Nc6 4. Nf3 Nf6 5. Qe2 d6 6. 0-0 Bg4 7. h3 Bxf3 8. Qxf3 Qb6 9. Bb3 g6 10. Na3 Bg7 11. Nc4 Qc7 12. Bf4 0-0 13. Rad1 Nd7 14. a3 Rac8 15. Qg3 Nce5 16. Nxe5 dxe5 17. Bc1 Nc5 18. Rfe1 Nxb3 19. Qxb3 Qxc2 20. Qxb7 Rc7 21. Qb5 Rfc8 22. Bg5 Qc4 23. Qxc4 Rxc4 24. Bxe7 f6 25. Rd3 Kf7 26. Bb4 Rc2 27. b3 Bf8 28. Bxf8 Kxf8 29. Kf1 Ra2 30. a4 Rcc2 31. Rf3 Ke7 32. g4 Rab2 33. h4 Rc3 34. Rxc3 dxc3 35. Rc1 Rxb3 36. Ke2 f5 37. exf5 gxf5 38. g5 Ke6 39. Kd3 Rb4 40. h5 Rxa4 41. Rxc3 Rg4 42. g6 hxg6 43. hxg6 Rxg6 44. Rc6+ Kf7 45. Rc7+ Kf6 46. Rxa7 Kg5 47. Ra4 Rb6 48. f3 Rb3+ 49. Ke2 f4 50. Re4 Rb2+ 51. Kf1 Rb5 52. Kf2 Kh4 53. Re2 Kg5 54. Kg2 Kf5 55. Kf2 Rb3 56. Kg2 Rb4 57. Kf2 Ke6 58. Rd2 Rd4 59. Ra2 Rc4 60. Rd2 Rc3 61. Ke2 Kf5 62. Kf2 Re3 63. Rd5 Rc3 64. Rd2 Ke6 65. Ke2 Rc5 66. Kf2 Rd5 67. Ra2 Kd6 68. Ke2 Rd4 69. Ra6+ Kd5 70. Ra5+ Ke6 71. Rb5 Kf5 72. Ra5 Rb4 73. Ra2 Kg5 74. Kf2 Kh4 75. Re2 Kh3 76. Rc2 Rb1 77. Re2 Ra1 78. Rxe5 Ra2+ 79. Ke1 Kg3 80. Rf5 Kxf3 81. Rf8 Ra1+ 82. Kd2 Ra7 83. Rg8 Kf2 84. Rf8 Rd7+ 85. Kc2 f3 86. Re8 Kf1 87. Re6 f2 88. Re8 Rd5 89. Kc3 Rd1 90. Kc2 Re1 91. Rf8 Kg2 92. Rg8+ Kh3 0-1

[Event "Pontevedra op-B 6th"]
[Site "Pontevedra"]
[Date "2018.08.10"]
[Round "4"]
[White "Alvarez Fernandez, Jesus"]
[Black "Blanco Dans, Manuel"]
[Result "0-1"]
[WhiteElo "1594"]
[BlackElo "1777"]
[PlyCount "96"]
[EventDate "2018.08.08"]
[EventType "swiss"]
[EventRounds "9"]
[EventCountry "ESP"]
[SourceTitle "CBM 186 Extra"]
[Source "ChessBase"]
[SourceDate "2018.08.24"]
[SourceVersion "1"]
[SourceVersionDate "2018.08.24"]
[SourceQuality "1"]

1. d4 Nf6 2. d5 g6 3. g3 Bg7 4. Bg2 0-0 5. e4 d6 6. Ne2 e5 7. Bg5 a5 8. c4 Bd7 9. 0-0 h6 10. Bxf6 Qxf6 11. Nbc3 Na6 12. f4 exf4 13. Nxf4 Qd4+ 14. Qxd4 Bxd4+ 15. Kh1 g5 16. Nfe2 Be5 17. Rab1 Nb4 18. h3 Nc2 19. Nd1 f5 20. exf5 Bxf5 21. Rc1 Bd3 22. Rxf8+ Rxf8 23. Ndc3 Ne3 24. Kg1 Nxg2 25. Kxg2 Bxc4 26. Rc2 a4 27. Rd2 c6 28. dxc6 bxc6 29. Nxa4 Bxa2 30. Nec3 Bc4 31. Nb6 Bf1+ 32. Kh2 Rf3 33. Nd7 Bxg3+ 34. Kg1 Bxh3 35. Rd1 Bxd7 36. Ne4 Bg4 37. Kg2 Be5 38. Rh1 Kg7 39. Nf2 Rg3+ 40. Kf1 Bf3 41. Rh2 Bxb2 42. Nd3 Bd4 43. Ke1 Rg1+ 44. Kd2 Rg2+ 45. Nf2 Rxh2 46. Ke1 Bxf2+ 47. Kf1 Be3 48. Ke1 Rh1# 0-1

[Event "Sanxenxo Carlos op 10th"]
[Site "Sanxenxo"]
[Date "2018.06.16"]
[Round "1"]
[White "Blanco Dans, Manuel"]
[Black "Rodriguez Fontecha, Marcos"]
[Result "0-1"]
[WhiteElo "1770"]
[BlackElo "2356"]
[PlyCount "72"]
[EventDate "2018.06.16"]
[EventType "swiss"]
[EventRounds "9"]
[EventCountry "ESP"]
[SourceTitle "CBM 185 Extra"]
[Source "ChessBase"]
[SourceDate "2018.07.29"]
[SourceVersion "1"]
[SourceVersionDate "2018.07.29"]
[SourceQuality "1"]

1. e4 e6 2. d4 c5 3. c3 b6 4. Nf3 Bb7 5. Bd3 Nf6 6. Qe2 d5 7. Nbd2 Be7 8. e5 Nfd7 9. Nf1 Nc6 10. Ng3 h5 11. h4 Rc8 12. a3 cxd4 13. cxd4 Na5 14. Bf4 Nb8 15. Nd2 g6 16. b4 Nc4 17. Nf3 Nc6 18. Bg5 Bxg5 19. hxg5 b5 20. Qc2 Qb6 21. Ne2 a5 22. Qb1 Ra8 23. Bxg6 fxg6 24. Qxg6+ Kd7 25. bxa5 Ne7 26. Qf7 Qxa5+ 27. Kf1 Raf8 28. Qg7 Rhg8 29. Qh7 Rxf3 30. gxf3 Rxg5 31. Ng3 Qd2 32. Rh3 Qxd4 33. Re1 Nd2+ 34. Kg2 Qf4 35. Rxh5 Qxf3+ 36. Kh3 Qg4+ 0-1

[Event "Ferrol op 32th"]
[Site "Ferrol"]
[Date "2017.07.19"]
[Round "4"]
[White "Rodriguez Dominguez, Miguel"]
[Black "Blanco Dans, Manuel"]
[Result "0-1"]
[WhiteElo "2077"]
[BlackElo "1763"]
[PlyCount "62"]
[EventDate "2017.07.16"]
[EventType "swiss"]
[EventRounds "9"]
[EventCountry "ESP"]
[SourceTitle "EXT 2024"]
[Source "ChessBase"]
[SourceDate "2023.10.10"]
[SourceVersion "1"]
[SourceVersionDate "2023.10.10"]
[SourceQuality "1"]

1. d4 Nf6 2. Nf3 e6 3. e3 c5 4. Bd3 b6 5. 0-0 Bb7 6. Nbd2 Be7 7. e4 c4 8. Nxc4 Bxe4 9. Bxe4 Nxe4 10. d5 0-0 11. Qd4 Nc5 12. Rd1 Nba6 13. c3 Bf6 14. Qg4 Nc7 15. d6 Nd5 16. Ne3 Nxe3 17. Bxe3 Qc8 18. Bg5 Bxg5 19. Nxg5 f5 20. Qh5 h6 21. b4 Na4 22. Rd3 Qc4 23. Qg6 hxg5 24. Rh3 Rf6 25. Qxg5 Nxc3 26. Qh5 Rh6 27. Qf3 Ne2+ 28. Kh1 Rc8 29. Re1 Rxh3 30. gxh3 Nf4 31. Kg1 Qc3 0-1

[Event "Ferrol op 32th"]
[Site "Ferrol"]
[Date "2017.07.17"]
[Round "2"]
[White "Rey Malde, Henrique"]
[Black "Blanco Dans, Manuel"]
[Result "1-0"]
[WhiteElo "2162"]
[BlackElo "1763"]
[PlyCount "103"]
[EventDate "2017.07.16"]
[EventType "swiss"]
[EventRounds "9"]
[EventCountry "ESP"]
[SourceTitle "EXT 2024"]
[Source "ChessBase"]
[SourceDate "2023.10.10"]
[SourceVersion "1"]
[SourceVersionDate "2023.10.10"]
[SourceQuality "1"]

1. e4 d5 2. exd5 Nf6 3. Bb5+ Bd7 4. Be2 Bf5 5. d4 c6 6. dxc6 Nxc6 7. Nf3 Qc7 8. c3 0-0-0 9. Qa4 Nd5 10. 0-0 e6 11. Na3 Kb8 12. Nb5 Qa5 13. Qxa5 Nxa5 14. c4 a6 15. cxd5 axb5 16. dxe6 Bxe6 17. Bf4+ Bd6 18. Bxd6+ Rxd6 19. Bxb5 Rhd8 20. Rfc1 Bd5 21. Ne5 Nc6 22. Nxc6+ Bxc6 23. Bxc6 bxc6 24. g3 Kb7 25. Rc3 Rxd4 26. Rb3+ Ka6 27. Kg2 h5 28. Re1 R8d7 29. Re8 Ka7 30. Rc8 Rc4 31. Re8 c5 32. Re5 g6 33. Rb5 Rc7 34. Kf3 Ka6 35. Rb3 Rb4 36. Rxb4 cxb4 37. a3 bxa3 38. bxa3 Kb6 39. Re3 Ra7 40. Kf4 Kc6 41. Rd3 Ra4+ 42. Ke5 Ra5+ 43. Kf4 g5+ 44. Ke4 f6 45. Rf3 Re5+ 46. Kd4 Rd5+ 47. Kc4 Rc5+ 48. Kb4 Rb5+ 49. Ka4 g4 50. Rc3+ Kb6 51. Rb3 Rxb3 52. Kxb3 1-0

[Event "Ferrol op 32th"]
[Site "Ferrol"]
[Date "2017.07.16"]
[Round "1"]
[White "Blanco Dans, Manuel"]
[Black "Mira Gonzalez, Angel"]
[Result "1-0"]
[WhiteElo "1763"]
[BlackElo "1211"]
[PlyCount "79"]
[EventDate "2017.07.16"]
[EventType "swiss"]
[EventRounds "9"]
[EventCountry "ESP"]
[SourceTitle "EXT 2024"]
[Source "ChessBase"]
[SourceDate "2023.10.10"]
[SourceVersion "1"]
[SourceVersionDate "2023.10.10"]
[SourceQuality "1"]

1. e4 g6 2. d4 Bg7 3. Be3 d6 4. Nc3 Nf6 5. h3 Nbd7 6. Nf3 0-0 7. Qd2 e6 8. Bd3 b6 9. 0-0-0 c5 10. d5 e5 11. Bh6 Kh8 12. Bxg7+ Kxg7 13. g4 Nb8 14. Qe2 a5 15. Nb5 h6 16. Nd2 Ba6 17. h4 Qd7 18. Rdg1 Nh7 19. a4 f6 20. Qe3 Bxb5 21. Bxb5 Qf7 22. Rg2 Na6 23. f4 exf4 24. Qxf4 Nc7 25. Nc4 Nxb5 26. axb5 a4 27. Qxd6 a3 28. Nxa3 c4 29. Rf1 Rfc8 30. Rg3 Qa7 31. Rff3 Qa5 32. c3 Qa4 33. e5 Rf8 34. e6 Rad8 35. Qc7+ Kg8 36. e7 Rxd5 37. exf8Q+ Nxf8 38. Nc2 Rxb5 39. Rxf6 Ne6 40. Qf7+ 1-0

[Event "Mondariz op U2300 9th"]
[Site "Mondariz"]
[Date "2012.04.07"]
[Round "8"]
[White "Ruiz Martinez, Isidro"]
[Black "Blanco Dans, Manuel"]
[Result "1-0"]
[WhiteElo "2016"]
[BlackElo "1797"]
[PlyCount "89"]
[EventDate "2012.03.31"]
[EventType "swiss"]
[EventRounds "8"]
[EventCountry "ESP"]
[SourceTitle "CBM 147 Extra"]
[Source "ChessBase"]
[SourceDate "2012.04.24"]
[SourceVersion "1"]
[SourceVersionDate "2012.04.24"]
[SourceQuality "1"]

1. e4 d5 2. exd5 Nf6 3. Nf3 Bg4 4. Be2 Nxd5 5. d4 e6 6. 0-0 Be7 7. c4 Nf6 8. Nc3 0-0 9. Qb3 Nc6 10. Qxb7 Nxd4 11. Nxd4 Qxd4 12. Bxg4 Nxg4 13. Qe4 Rfd8 14. Qxd4 Rxd4 15. b3 Rd3 16. Ne4 f5 17. Ng5 Bf6 18. Rb1 Re8 19. h3 Nh6 20. Nf3 Nf7 21. Be3 a6 22. Rfd1 Red8 23. Rxd3 Rxd3 24. Kf1 e5 25. Ne1 Rd8 26. Ke2 Ng5 27. Bxg5 Bxg5 28. Rd1 Rxd1 29. Kxd1 e4 30. b4 Bf6 31. b5 a5 32. Nc2 f4 33. a4 Kf7 34. f3 e3 35. Ne1 g5 36. Ke2 Ke6 37. Nd3 Bd4 38. Nc1 Bc3 39. Kd3 Bd2 40. Nb3 Bb4 41. c5 Kd5 42. c6 h6 43. Nc1 Ke5 44. Ne2 Bd2 45. b6 1-0

[Event "Mondariz op 8th"]
[Site "Mondariz"]
[Date "2011.04.17"]
[Round "2"]
[White "Garcia Magadan, Ramon"]
[Black "Blanco Dans, Manuel"]
[Result "1-0"]
[WhiteElo "2046"]
[BlackElo "1690"]
[PlyCount "28"]
[EventDate "2011.04.16"]
[EventType "swiss"]
[EventRounds "8"]
[EventCountry "ESP"]
[SourceTitle "EXT 2012"]
[Source "ChessBase"]
[SourceDate "2011.11.24"]
[SourceVersion "1"]
[SourceVersionDate "2011.11.24"]
[SourceQuality "1"]

1. e4 Nf6 2. e5 Nd5 3. d4 d6 4. c4 Nb6 5. exd6 exd6 6. h3 Nc6 7. Nf3 Be7 8. Nc3 0-0 9. Be2 Bf5 10. Be3 Bf6 11. 0-0 Re8 12. b3 a5 13. Rc1 d5 14. c5 Nc8 1-0

[Event "Mondariz op 8th"]
[Site "Mondariz"]
[Date "2011.04.16"]
[Round "1"]
[White "Blanco Dans, Manuel"]
[Black "Teijeiro Barros, Alberto"]
[Result "0-1"]
[WhiteElo "1690"]
[BlackElo "2105"]
[PlyCount "72"]
[EventDate "2011.04.16"]
[EventType "swiss"]
[EventRounds "8"]
[EventCountry "ESP"]
[SourceTitle "EXT 2012"]
[Source "ChessBase"]
[SourceDate "2011.11.24"]
[SourceVersion "1"]
[SourceVersionDate "2011.11.24"]
[SourceQuality "1"]

1. e4 c6 2. d4 d5 3. Nc3 dxe4 4. Nxe4 Nd7 5. Ng5 Ngf6 6. Bd3 e6 7. N1f3 Bd6 8. 0-0 h6 9. Ne4 Nxe4 10. Bxe4 Nf6 11. Bd3 b6 12. Re1 Bb7 13. c4 0-0 14. h3 Qc7 15. b3 c5 16. Bb2 Rad8 17. dxc5 Qxc5 18. Bxf6 gxf6 19. Qe2 f5 20. Rad1 Kh7 21. Kh1 Rg8 22. Rg1 Bb8 23. Bc2 Qc7 24. g3 Qc6 25. Kg2 Qc7 26. Kh2 Rxd1 27. Qxd1 Qd8 28. Nh4 Qxh4 29. Qd7 Be4 30. Qxf7+ Rg7 31. Qe8 Bxc2 32. Qxb8 Qd4 33. Qf4 Qxf4 34. gxf4 Rxg1 35. Kxg1 Bb1 36. a3 Ba2 0-1